00244nam a2200109Ia 4500008004100000041001200041082001100053100001800064245004000082260000600122650000600128221030s9999 xx 000 0 und d aEnglish a105.23 aA. S. Godbole 0aOperating Systemscby A. S. Godbole c0 aB